00940nam a2200265 a 450000100060000000300080000600500170001400800410003102000220007203500190009404000350011304100080014808200220015610000320017824500840021026000280029430000290032250400300035165000400038165000410042183000570046294200120051999900170053195201260054862359BD-RjUL20211209081055.0170123s1979 fr a b i000 0 eng d a9231015834 (pbk.) a(BD-RjUL)62485 aBD-RjULcBD-RjULdBD-RjULbeng aeng00a727223bKEB 19791 aKennedy, Margrit I.918548710aBuilding community schools :ban analysis of experiences /cMargrit I. Kennedy. aParis :bUnesco,c1979. a155 p. :bill. ;c28 cm. aBibliography: p. 149-155. 0aSchool buildingsxPlanning.9185489 0aCommunity schoolsxPlanning.9185490 aEducational buildings and equipment ;vno. 29185494 2ddccBK c62359d62359 00102ddc40718NFICaRUCLbRUCLcReadingd1982-06-11eUnescol0o727 KEB 1979r2017-01-23 00:00:00tC-1w2017-01-23yBK